000 00452nam a2200169Ia 4500
008 230718s9999 xx 000 0 und d
041 _aeng
082 _a005.74
_bROB
100 _aRob P.
245 _aDatabase Systems Design, Implementation And Management
250 _a5th ed.
260 _c2003
_bThomson Publication
300 _a838
365 _cRs.
_b425.00
700 _aRob P. & Coronel C.
906 _dB:103040001517-Jul-2003
_cCOMP
_b85
999 _c305569
_d305569